Sports Quiz

Random Sports or NFL Quiz
Score 0/54 Timer 07:00
8 Plays Today
Team Quarterback % Correct
Green Bay PackersAaron Rodgers
96.2%
New York GiantsEli Manning
94.9%
New England PatriotsTom Brady
94.9%
Detroit LionsMatthew Stafford
93%
Carolina PanthersCam Newton
92%
New Orleans SaintsDrew Brees
91.7%
Seattle SeahawksRussell Wilson
91.3%
Atlanta FalconsMatt Ryan
91.1%
Dallas CowboysDak Prescott
90.1%
Indianapolis ColtsAndrew Luck
88.7%
Kansas City ChiefsAlex Smith
88.4%
Baltimore RavensJoe Flacco
88.2%
New York JetsGeno Smith
87.1%
Oakland RaidersDerek Carr
86.7%
Pittsburgh SteelersBen Roethlisberger
86.3%
Chicago BearsJay Cutler
85.6%
San Diego ChargersPhilip Rivers
85.1%
Washington RedskinsKirk Cousins
84.9%
Arizona CardinalsCarson Palmer
84.7%
Cincinnati BengalsAndy Dalton
84.6%
Tampa Bay BuccaneersJameis Winston
84.3%
Philadelphia EaglesCarson Wentz
82.6%
Minnesota VikingsSam Bradford
80.6%
Miami DolphinsRyan Tannehill
80%
Tennessee TitansMarcus Mariota
79.3%
Buffalo BillsTyrod Taylor
77.4%
Jacksonville JaguarsBlake Bortles
76.8%
Team Quarterback % Correct
San Francisco 49ersColin Kaepernick
75.9%
Los Angeles RamsJared Goff
74.3%
New York JetsRyan Fitzpatrick
73.5%
Houston TexansBrock Osweiler
70.7%
Cleveland BrownsRobert Griffin
67.6%
Miami DolphinsMatt Moore
57.3%
Los Angeles RamsCase Keenum
55.3%
New England PatriotsJacoby Brissett
54.5%
New England PatriotsJimmy Garoppolo
54.4%
San Francisco 49ersBlaine Gabbert
54.3%
Denver BroncosPaxton Lynch
50.7%
Pittsburgh SteelersLandry Jones
50.3%
Cleveland BrownsJosh McCown
49.3%
Buffalo BillsEJ Manuel
48.6%
Denver BroncosTrevor Siemian
48.4%
Chicago BearsBrian Hoyer
46.3%
Houston TexansTom Savage
46.2%
Carolina PanthersDerek Anderson
45.5%
Chicago BearsMatt Barkley
40%
Oakland RaidersMatt McGloin
38.5%
Kansas City ChiefsNick Foles
37.5%
New York JetsBryce Petty
35.1%
Cleveland BrownsCody Kessler
33.6%
Arizona CardinalsDrew Stanton
31.4%
Minnesota VikingsShaun Hill
30.5%
Tennessee TitansMatt Cassel
28.7%
Indianapolis ColtsScott Tolzien
17%
Remove Ads.
Support Sporcle.
Get the best of Sporcle when you Go Orange. This ad-free experience offers more features, more stats, and more fun while also helping to support Sporcle. Thank you for becoming a member.

You're not logged in!

Compare scores with friends on all Sporcle quizzes.
OR
Log In

Show Comments

Extras

Top Quizzes Today


Score Distribution

Your Account Isn't Verified!

In order to create a playlist on Sporcle, you need to verify the email address you used during registration. Go to your Sporcle Settings to finish the process.

Report this User

Report this user for behavior that violates our Community Guidelines.

Details: